000 00592nam a2200229Ia 4500
003 OSt
005 20221007063556.0
006 a|||||r|||| 00| 0
007 ta
008 221006b |||||||| |||| 00| 0 eng d
024 _a14,202
037 _cTextual
040 _aFLL
_cFLL
_beng
041 _2eng
_aeng
082 _aL:Z, G9
100 _aCox H.W.V. Au.
_9684513
245 0 _aMedico-legal court-companion
260 _aCalcutta
_bEastern law house India
_c1939
300 _a883p
_ccm.
942 _hL:Z, G9
_cTEXL
_2CC
999 _c1131589
_d1131589